<?xml version="1.0" encoding="UTF-8"?>
<collection xmlns="http://www.loc.gov/MARC21/slim">
<record>
  <controlfield tag="001">168176</controlfield>
  <controlfield tag="005">20260128122451.0</controlfield>
  <datafield tag="024" ind1="7" ind2=" ">
    <subfield code="2">doi</subfield>
    <subfield code="a">10.1093/eurpub/cku123</subfield>
  </datafield>
  <datafield tag="024" ind1="8" ind2=" ">
    <subfield code="2">sideral</subfield>
    <subfield code="a">89609</subfield>
  </datafield>
  <datafield tag="037" ind1=" " ind2=" ">
    <subfield code="a">ART-2015-89609</subfield>
  </datafield>
  <datafield tag="041" ind1=" " ind2=" ">
    <subfield code="a">eng</subfield>
  </datafield>
  <datafield tag="100" ind1=" " ind2=" ">
    <subfield code="a">Diaz,E.</subfield>
  </datafield>
  <datafield tag="245" ind1=" " ind2=" ">
    <subfield code="a">How do immigrants use primary health care services? A register-based study in Norway</subfield>
  </datafield>
  <datafield tag="260" ind1=" " ind2=" ">
    <subfield code="c">2015</subfield>
  </datafield>
  <datafield tag="520" ind1="3" ind2=" ">
    <subfield code="a">Background: Immigrant’s use of primary health care (PHC) services differs from that of native’s, but studies are non-consistent, and the importance of individual explaining variables like socio-economic status, morbidity burden and length of stay in the host country is uncertain. Methods: Registry-based study using merged data from the National Population Register and the Norwegian Health Economics Administration Database for all immigrants and natives ≥15 years registered in Norway in 2008 (3 739 244 persons), applying the Johns Hopkins ACG® Case-Mix System. Using multivariate binary logistic and negative binomial regression analyses, respectively, we compared overall use of PHC and number of visits to PHC between immigrants and natives, and investigated the significance of socio-economic, immigration and morbidity variables. Results: A significantly lower percentage of immigrants used the general practitioner (GP) compared with natives. Among GP users, however, most immigrants used the GP at a 2–15% significantly higher rate compared with natives. Older immigrants used their GP less and at lower rates than younger immigrants. A significantly lower percentage of immigrants from high-income countries, but a higher percentage of all other immigrants used emergency services compared with natives, with no differences in use rates. Morbidity burden and length of stay were essential explaining variables. Conclusion: Lower use of PHC among immigrants could be due to better health or to access barriers, and should be further studied, especially for the oldest immigrants. Adjusted high frequency of use may be appropriate, but it might also be a signal of non-effective contacts.</subfield>
  </datafield>
  <datafield tag="506" ind1="0" ind2=" ">
    <subfield code="a">Access copy available to the general public</subfield>
    <subfield code="f">Unrestricted</subfield>
  </datafield>
  <datafield tag="540" ind1=" " ind2=" ">
    <subfield code="9">info:eu-repo/semantics/openAccess</subfield>
    <subfield code="a">All rights reserved</subfield>
    <subfield code="u">http://www.europeana.eu/rights/rr-f/</subfield>
  </datafield>
  <datafield tag="590" ind1=" " ind2=" ">
    <subfield code="a">2.751</subfield>
    <subfield code="b">2015</subfield>
  </datafield>
  <datafield tag="591" ind1=" " ind2=" ">
    <subfield code="a">PUBLIC, ENVIRONMENTAL &amp; OCCUPATIONAL HEALTH</subfield>
    <subfield code="b">18 / 152 = 0.118</subfield>
    <subfield code="c">2015</subfield>
    <subfield code="d">Q1</subfield>
    <subfield code="e">T1</subfield>
  </datafield>
  <datafield tag="591" ind1=" " ind2=" ">
    <subfield code="a">PUBLIC, ENVIRONMENTAL &amp; OCCUPATIONAL HEALTH</subfield>
    <subfield code="b">38 / 171 = 0.222</subfield>
    <subfield code="c">2015</subfield>
    <subfield code="d">Q1</subfield>
    <subfield code="e">T1</subfield>
  </datafield>
  <datafield tag="592" ind1=" " ind2=" ">
    <subfield code="a">1.344</subfield>
    <subfield code="b">2015</subfield>
  </datafield>
  <datafield tag="593" ind1=" " ind2=" ">
    <subfield code="a">Public Health, Environmental and Occupational Health</subfield>
    <subfield code="c">2015</subfield>
    <subfield code="d">Q1</subfield>
  </datafield>
  <datafield tag="655" ind1=" " ind2="4">
    <subfield code="a">info:eu-repo/semantics/article</subfield>
    <subfield code="v">info:eu-repo/semantics/publishedVersion</subfield>
  </datafield>
  <datafield tag="700" ind1=" " ind2=" ">
    <subfield code="a">Calderón-Larrañaga,A.</subfield>
    <subfield code="0">(orcid)0000-0001-9064-9222</subfield>
  </datafield>
  <datafield tag="700" ind1=" " ind2=" ">
    <subfield code="a">Prado-Torres,A.</subfield>
  </datafield>
  <datafield tag="700" ind1=" " ind2=" ">
    <subfield code="a">Poblador-Plou,B.</subfield>
  </datafield>
  <datafield tag="700" ind1=" " ind2=" ">
    <subfield code="a">Gimeno-Feliu,L.</subfield>
    <subfield code="u">Universidad de Zaragoza</subfield>
    <subfield code="0">(orcid)0000-0003-2928-6623</subfield>
  </datafield>
  <datafield tag="710" ind1="2" ind2=" ">
    <subfield code="1">1007</subfield>
    <subfield code="2">610</subfield>
    <subfield code="a">Universidad de Zaragoza</subfield>
    <subfield code="b">Dpto. Medicina, Psiqu. y Derm.</subfield>
    <subfield code="c">Area Medicina</subfield>
  </datafield>
  <datafield tag="773" ind1=" " ind2=" ">
    <subfield code="g">25, 1 (2015), 72-78</subfield>
    <subfield code="p">Eur. j. public health</subfield>
    <subfield code="t">European Journal of Public Health</subfield>
    <subfield code="x">1101-1262</subfield>
  </datafield>
  <datafield tag="856" ind1="4" ind2=" ">
    <subfield code="s">272018</subfield>
    <subfield code="u">http://zaguan.unizar.es/record/168176/files/texto_completo.pdf</subfield>
    <subfield code="y">Versión publicada</subfield>
  </datafield>
  <datafield tag="856" ind1="4" ind2=" ">
    <subfield code="s">3492828</subfield>
    <subfield code="u">http://zaguan.unizar.es/record/168176/files/texto_completo.jpg?subformat=icon</subfield>
    <subfield code="x">icon</subfield>
    <subfield code="y">Versión publicada</subfield>
  </datafield>
  <datafield tag="909" ind1="C" ind2="O">
    <subfield code="o">oai:zaguan.unizar.es:168176</subfield>
    <subfield code="p">articulos</subfield>
    <subfield code="p">driver</subfield>
  </datafield>
  <datafield tag="951" ind1=" " ind2=" ">
    <subfield code="a">2026-01-28-11:22:44</subfield>
  </datafield>
  <datafield tag="980" ind1=" " ind2=" ">
    <subfield code="a">ARTICLE</subfield>
  </datafield>
</record>
</collection>